000 00506nam a22001932 4500
001 0000002840
005 20170406114537.0
008 140408s xx 000 0 eng d
020 _a9780749428747 :
_c$
040 _aYour Holding Symbol
_cYour Holding Symbol
100 1 _aMoss Bernard.
245 1 0 _aCareers in Social care.
250 _a7th ed.
260 _aLondon :
_bKogan,
_c1980.
300 _a90 p. ;
_c cm.
504 _aindex.
650 0 _asocial care.
908 _a140408
999 _c2724
_d2724